| 000 | 00670nam a2200181 i 4500 | ||
|---|---|---|---|
| 001 | 43272 | ||
| 003 | ES-MaACL | ||
| 005 | 20230906160750.0 | ||
| 007 | t| | ||
| 008 | 030317q19201929fr ||||1| fre d | ||
| 110 | 2 |
_aCompagnie des Chemins de Fer de Paris á la Meéditerranée. _9134286 |
|
| 245 | 1 | 0 |
_aCent beaux aspects du réseau P.L.M. _b: [texte Imprimé] / _cCompagnie des Chemins de Fer de Paris áa Lyon et áa la Mèditerranée. |
| 260 |
_aParis : _b[s.n., _c192-?] ( _fImpr. Maréchal) |
||
| 300 |
_a227 p. : _bil. ; _c32 cm. |
||
| 500 | _aTexte en français, anglais, allemand, etc. | ||
| 651 | 0 | 4 |
_aFrancia- _xDescripción. _98676 |
| 852 |
_aES-MaACL _jB-6525 |
||
| 999 |
_c43272 _d43272 |
||